Detalles MARC
| 000 -LEADER |
| campo de control de longitud fija |
02299cam a22002894i 4500 |
| 003 - IDENTIFICADOR DE NÚMERO DE CONTROL |
| campo de control |
PE-LiUPU |
| 005 - FECHA Y HORA DE LA ÚLTIMA TRANSACCIÓN |
| campo de control |
20250918100750.0 |
| 008 - DATOS DE LONGITUD FIJA--INFORMACIÓN GENERAL |
| campo de control de longitud fija |
2017xxxxuuuuu uy a rb 000 0 spa d |
| 020 ## - NÚMERO INTERNACIONAL ESTÁNDAR DEL LIBRO |
| Número Internacional Estándar del Libro |
9789974749122 |
| 035 ## - NÚMERO DE CONTROL DEL SISTEMA |
| Número de control de sistema |
PE-LiUPU000002 |
| 040 ## - FUENTE DE CATALOGACIÓN |
| Centro catalogador/agencia de origen |
PE-LiUPU |
| Lengua de catalogación |
spa |
| Centro/agencia transcriptor |
PE-LiUPU |
| Normas de descripción |
rda |
| 082 04 - NÚMERO DE LA CLASIFICACIÓN DECIMAL DEWEY |
| Número de clasificación |
610.73 |
| Cutter |
M385m |
| Número de edición |
20 |
| 100 ## - ENTRADA PRINCIPAL--NOMBRE DE PERSONA |
| Nombre de persona |
Martinez Reyes, Carolina, |
| Término indicativo de función/relación |
autor. |
| 9 (RLIN) |
6846 |
| 245 10 - MENCIÓN DEL TÍTULO |
| Título |
Manual ilustrado enfermería fundamental : |
| Resto del título |
compendio teórico‑práctico con procedimientos innovadores y normas actualizadas / |
| Mención de responsabilidad, etc. |
por Carolina Martinez Reyes y Mirta Angélica Furriel. |
| 264 #1 - PRODUCCIÓN, PUBLICACIÓN, DISTRIBUCIÓN, FABRICACIÓN Y COPYRIGHT |
| Producción, publicación, distribución, fabricación y copyright |
Montevideo : |
| Nombre del de productor, editor, distribuidor, fabricante |
Arquetipo Grupo Editorial, |
| Fecha de producción, publicación, distribución, fabricación o copyright |
2017. |
| 300 ## - DESCRIPCIÓN FÍSICA |
| Extensión |
912 páginas : |
| Otras características físicas |
tapa dura ; |
| Dimensiones |
28 cm |
| 336 ## - TIPO DE CONTENIDO |
| Término de tipo de contenido |
text |
| Fuente |
rdacontent |
| 337 ## - TIPO DE MEDIO |
| Nombre/término del tipo de medio |
unmediated |
| Fuente |
rdamedia |
| 338 ## - TIPO DE SOPORTE |
| Nombre/término del tipo de soporte |
volume |
| Fuente |
rdacarrier |
| 504 ## - NOTA DE BIBLIOGRAFÍA, ETC. |
| Nota de bibliografía, etc. |
Bibliografía : al final del libro. |
| 505 0# - NOTA DE CONTENIDO CON FORMATO |
| Nota de contenido con formato |
La enfermería como profesión -- Actividades básicas de enfermería -- Comodidad y mecánica corporal -- La nutrición en enfermería -- La higiene personal -- Eliminación intestinal y urinaria -- Manejo de líquidos, electrolitos y balance ácido-base -- Manejo de la oxigenación -- ¿Qué es la comunicación? -- Clasificaciones NANDA, NOC y NIC -- El proceso de enfermería -- Diagnóstico de enfermería -- Evaluación de los sistemas orgánicos -- Administración de medicamentos y farmacología -- Atención ante enfermedades infectocontagiosas -- Control de desperdicios biomédicos -- Cuidados de enfermería en el proceso de rehabilitación -- El manejo del dolor: un desafío -- Primeros auxilios en emergencias -- Manejo del paciente inconsciente -- Manejo del paciente en estado de shock -- Manejo del estrés -- Manejo de la pérdida, el duelo y la muerte -- Promoción de la salud -- Atención materno-infantil -- Nociones de anatomía y fisiología humana -- Valores normales de referencia de laboratorio -- Cálculos de enfermería -- Instrumentos médicos para cirugías y otros procedimientos -- Índice de tablas y procedimientos.<br/> |
| 650 10 - PUNTO DE ACCESO ADICIONAL DE MATERIA--TÉRMINO DE MATERIA |
| Término de materia o nombre geográfico como elemento de entrada |
Enfermería fundamental |
| Subdivisión geográfica |
Uruguay. |
| 9 (RLIN) |
6847 |
| 700 ## - ENTRADA AGREGADA--NOMBRE PERSONAL |
| Nombre de persona |
Furriel, Mirta Angélica, |
| Término indicativo de función/relación |
autor. |
| 9 (RLIN) |
6848 |
| 942 ## - ELEMENTOS DE ENTRADA SECUNDARIOS (KOHA) |
| Fuente del sistema de clasificación o colocación |
Clasificación Decimal Dewey |
| Tipo de ítem Koha |
Libros físicos |
| 980 ## - EQUIVALENCIA O REFERENCIA-CRUZADA-MENCIÓN DE SERIE--NOMBRE DE PERSONA/TÍTULO [LOCAL, CANADÁ] |
| ID del usuario creador del registro |
21515 |
| Nombre del creador del registro |
ROMINA COBOS Adquisiciones |
| ID del último usuario que modificó el registro |
21515 |
| Nombre del último usuario que modificó el registro |
ROMINA COBOS Adquisiciones |